| 000 | 00998cam a2200229 4500 | ||
|---|---|---|---|
| 001 | WB3745-27 | ||
| 008 | 011128n2001 000 0 eng u | ||
| 035 | _a(Sirsi) u115770 | ||
| 245 | _aStamp duty abolished | ||
| 260 | _c2001 | ||
| 490 |
_aRICS Press Release _v(pr154) 27 November 2001 |
||
| 490 |
_aDTLR News Release _v(508) 27 November 2001, (2) |
||
| 520 | _aRICS has welcomed the announcement in the Chancellor's pre-budget speech to abolish stamp duty in 2000 of the most deprived wards in the UK in an attempt to increase the prospects of regeneration. RICS has agreed to act as government's mediator of information on available regeneration incentives and schemes. For more links see the RICS Residential Faculty News at http://www.rics.org/res/. | ||
| 590 | _aWB | ||
| 650 | _aSTAMP DUTY | ||
| 650 | _aPRE-BUDGET REPORT | ||
| 650 | _aPROPERTY-COMMERCIAL PROPERTY | ||
| 650 |
_aRESIDENTIAL PROPERTY _96266 |
||
| 650 | _aPROPERTY SALES | ||
| 690 | _aREGENERATION | ||
| 942 | _n0 | ||
| 999 |
_c68954 _d68954 |
||